| 000 | 00342nam a22001457a 4500 | ||
|---|---|---|---|
| 008 | 221005b ||||| |||| 00| 0 eng d | ||
| 020 | _a9780471741565 | ||
| 041 | _aeng | ||
| 080 |
_23rd edition _a72 |
||
| 082 | _a72 MITT | ||
| 100 | _a19.1 | ||
| 101 | _aARK | ||
| 245 |
_aINTERIOR DESIGN VISUAL PRESENTATION _cMITTON M |
||
| 942 |
_2udc _cBK |
||
| 999 |
_c58348 _d58348 |
||